000
00330 a2200157 4500
001
174465
020
_a
040
_c
Magnum
100
_a
Bandeira, Pedro
240
1
0
_a
Trocando as bolas
_l
por
245
1
0
_a
Trocando as bolas
362
0
_a
1899
440
1
_a
Melhoramentos
697
_a
IJ/AVENTURA, CRIANCAS
942
_c
BK
999
_c
174465
_d
174465